00299pab a2200121 454500008004000000100001900040245004100059260000900100300001300109362001100122650001000133773003400143180718b2017 xxu||||| |||| 00| 0 eng d aDhanda, Meena  aCasteism amongst Punjabis in Britain c2017 ap.62-65. a21 Jan aCaste aEconomic and Political Weekly